000 00586nam a2200241Ia 4500
003 OSt
005 20220514123219.0
008 210210b2017 xxu||||| |||| 00| 0 eng d
040 _aAL
_c
041 _aeng
082 _a657.46 RAOB
100 _aRAO (Sadashiva K)
_937048
245 _aBusiness taxation III and IV 2017-18
250 _a19 Rev.
260 _aUdupi
_bSushrutha Books
_c2017
300 _a522
650 _ataxation
_937049
650 _a2017-18
_937050
690 _aIncome Tax
_937051
700 _aGANESH (Y)
_937052
906 _a071555
942 _2ddc
_cBK
999 _c121287
_d121287